书目信息 |
| 题名: |
流动性理论与市场实践
|
|
| 作者: | 明明 著 | |
| 分册: | ||
| 出版信息: | 北京 中国金融出版社 2021.07 |
|
| 页数: | 354页 | |
| 开本: | 24cm | |
| 丛书名: | ||
| 单 册: | ||
| 中图分类: | F821.0 , F830.9 | |
| 科图分类: | ||
| 主题词: | 货币政策--huo bi zheng ce--研究 , 金融市场--jin rong shi chang--研究 | |
| 电子资源: | ||
| ISBN: | 978-7-5220-1194-3 | |
| 000 | 01104nam0 2200265 450 | |
| 001 | 29779 | |
| 005 | 20221116164547.81 | |
| 010 | @a978-7-5220-1194-3@dCNY75.00 | |
| 100 | @a20210925d2021 kemy0chiy50 ea | |
| 101 | 0 | @achi |
| 102 | @aCN@b110000 | |
| 105 | @aak z 000yy | |
| 200 | 1 | @a流动性理论与市场实践@Aliu dong xing li lun yu shi chang shi jian@d= Liquidity theory and market practice@f明明著@zeng |
| 210 | @a北京@c中国金融出版社@d2021.07 | |
| 215 | @a354页@c图@d24cm | |
| 314 | @a明明, 现任中信证券研究所副所长, 首席FICC分析师。 | |
| 330 | @a本书建立了一个以流动性供求关系为基础, 流动性数量和价格为逻辑顺序, 涵盖货币政策和金融市场的研究框架, 书中对流动性各影响因素的结构性研究, 对流动性供需框架下货币政策最优均衡的求解, 对流动性的价格研究以及对全球流动性的研究都属于创新性研究。 | |
| 510 | 1 | @aLiquidity theory and market practice@zeng |
| 606 | 0 | @a货币政策@Ahuo bi zheng ce@x研究 |
| 606 | 0 | @a金融市场@Ajin rong shi chang@x研究 |
| 690 | @aF821.0@v5 | |
| 690 | @aF830.9@v5 | |
| 701 | 0 | @a明明@Aming ming@4著 |
| 801 | 0 | @aCN@c20220910 |
| 905 | @a河南城建学院图书馆@dF821.0@eM806@f2 | |
| 流动性理论与市场实践= Liquidity theory and market practice/明明著.-北京:中国金融出版社,2021.07 |
| 354页:图;24cm |
| ISBN 978-7-5220-1194-3:CNY75.00 |
| 本书建立了一个以流动性供求关系为基础, 流动性数量和价格为逻辑顺序, 涵盖货币政策和金融市场的研究框架, 书中对流动性各影响因素的结构性研究, 对流动性供需框架下货币政策最优均衡的求解, 对流动性的价格研究以及对全球流动性的研究都属于创新性研究。 |
| ● |
| 相关链接 |
|
|
|
正题名:流动性理论与市场实践
索取号:F821.0/M806
 
预约/预借
| 序号 | 登录号 | 条形码 | 馆藏地/架位号 | 状态 | 备注 |
| 1 | 1583785 | 215837851 | 社科库409/409社科库 100排3列3层/ [索取号:F821.0/M806] | 在馆 | |
| 2 | 1583786 | 215837860 | 社科库409/409社科库 100排3列3层/ [索取号:F821.0/M806] | 在馆 |